01343nam a2200241Ia 4500001001100000003001000011008004100021040002500062041001300087100001900100245001800119250001100137260005500148300001200203500026200215501011400477520026200591650003100853942000700884957000600891999004200897952016200939L922-42144IT-CnALBA170116s9999||||xx |||||||||||||| ||und|| aIT-CnALBAcIT-CnALBA aITALIANO aMAJAULT JOSEPH 0aJAMES JOYCE.  a1a ed. a TORINO. ROMAbBORLA EDITORE c1964 [1° Ed.:1964] a174 p.  aTRADUZIONE DAL FRANCESE. L'UOMO. DAL 1882 AL 1941. OPERA. MUSICA DA CAMERA. GENTE DI DUBLINO. DEDALUS. ULISSE. LA VEGLIA DI FINNEGAN. CRONOLOGIA. DATE IMPORTANTI. NASCITA, RATHGAR, DUBLINO. INGRESSO ALL'UNIVERSITÀ. LAUREA. IN ITALIA. SOGGIORNO IN IRLANDA. aSocietà San Paolo EM - Piazza San Paolo, 14 - 12051 ALBA (CN) (non commercial uses only) ® Copyright 2017 aTRADUZIONE DAL FRANCESE. L'UOMO. DAL 1882 AL 1941. OPERA. MUSICA DA CAMERA. GENTE DI DUBLINO. DEDALUS. ULISSE. LA VEGLIA DI FINNEGAN. CRONOLOGIA. DATE IMPORTANTI. NASCITA, RATHGAR, DUBLINO. INGRESSO ALL'UNIVERSITÀ. LAUREA. IN ITALIA. SOGGIORNO IN IRLANDA. aBIOGRAFIE, UOMINI ILLUSTRI cBK 71 a47373bNOg Copie: 1 c301112d301112 0010406L_9224214471aALBAbALBAd2017-01-16l0oL922-42144r2017-01-16 00:00:00w2017-01-16yBKz(data import: 16 gennaio 2017) - By Epidotti, Vaglietti.